Going beyond Google again :strategies for using and teaching the invisible web
Saved in:
| Hovedforfatter: | |
|---|---|
| Format: | Bog |
| Sprog: | engelsk |
| Udgivet: |
Facet Publishers
2014
|
| Tags: |
Tilføj Tag
Ingen Tags, Vær først til at tagge denne postø!
|
MARC
| LEADER | 00000nam a22000007a 4500 | ||
|---|---|---|---|
| 008 | 231117b |||||||| |||| 00| 0 eng d | ||
| 020 | |a 9781856048385 | ||
| 100 | |a DEVINE, Jane |a Egge -Sider, Francine | ||
| 245 | |a Going beyond Google again |b :strategies for using and teaching the invisible web |c /Jane Devine and Francine Egger-Sider. |g xii, 180p;ill | ||
| 260 | |b Facet Publishers |c 2014 |h London |i 700155 |i 700156 |l ZA4237.D49 |m Invisible web |m Invisible Web-Study and teaching |m Internet searching |m Database searching | ||
| 500 | |a Includes bibliographical references and index. | ||
| 942 | |a lcc |c BK |e Johnson |f 17/11/23 | ||
| 952 | |0 0 |1 0 |2 lcc |4 0 |6 ZA4237 D49 |7 0 |9 4634 |a ED |b HOL |c QZ |d 2023-11-17 |l 0 |o ZA4237.D49 |p 2023-0552 |r 2023-11-17 00:00:00 |t 700155 |w 2023-11-17 |y BK | ||
| 952 | |0 0 |1 0 |2 lcc |4 0 |6 ZA4237 D49 |7 0 |9 4635 |a HOL |b HOL |c QZ |d 2023-11-17 |l 0 |o ZA4237.D49 |p 2023-0553 |r 2023-11-17 00:00:00 |t 700156 |w 2023-11-17 |y BK | ||
| 999 | |c 2324 |d 2324 | ||